Cash's Textbook of neurology for physiotherapists. (Record no. 7673)

000 -LEADER
fixed length control field 00992cam a2200313 a 4500
001 - CONTROL NUMBER
control field 561980
003 - CONTROL NUMBER IDENTIFIER
control field OSt
005 - DATE AND TIME OF LATEST TRANSACTION
control field 20251222020003.0
008 - FIXED-LENGTH DATA ELEMENTS--GENERAL INFORMATION
fixed length control field 820805s1982 enk|||| |||| 00||0|eng
020 ## - INTERNATIONAL STANDARD BOOK NUMBER
International Standard Book Number 9780571180387
020 ## - INTERNATIONAL STANDARD BOOK NUMBER
International Standard Book Number 0571180388
040 ## - CATALOGING SOURCE
Original cataloging agency DNLM
Transcribing agency DNLM
041 09 - LANGUAGE CODE
Language code of text/sound track or separate title eng
060 00 - NATIONAL LIBRARY OF MEDICINE CALL NUMBER
Classification number WL 100
Item number C339 1982
245 00 - TITLE STATEMENT
Title Cash's Textbook of neurology for physiotherapists.
246 3# - VARYING FORM OF TITLE
Title proper/short title Textbook of neurology for physiotherapists
246 3# - VARYING FORM OF TITLE
Title proper/short title Neurology for physiotherapists
250 ## - EDITION STATEMENT
Edition statement 3rd ed. /
Remainder of edition statement edited by Patricia A. Downie.
260 ## - PUBLICATION, DISTRIBUTION, ETC. (IMPRINT)
Place of publication, distribution, etc London ; Boston :
Name of publisher, distributor, etc Faber & Faber,
Date of publication, distribution, etc c1982.
300 ## - PHYSICAL DESCRIPTION
Extent 464 p. :
Other physical details ill.
500 ## - GENERAL NOTE
General note Rev. ed. of: Neurology for physiotherapists / edited by Joan Cash. c1977.
650 #2 - SUBJECT ADDED ENTRY--TOPICAL TERM
Topical term or geographic name as entry element Nervous System Diseases
General subdivision therapy
650 #2 - SUBJECT ADDED ENTRY--TOPICAL TERM
Topical term or geographic name as entry element Physical Therapy Modalities
700 1# - ADDED ENTRY--PERSONAL NAME
Personal name Downie, Patricia A.
700 1# - ADDED ENTRY--PERSONAL NAME
Personal name Cash, Joan E.
Fuller form of name (Joan Elizabeth)
942 ## - ADDED ENTRY ELEMENTS (KOHA)
Source of classification or shelving scheme
Koha item type Books
Koha issues (borrowed), all copies 11
Holdings
Withdrawn status Lost status Source of classification or shelving scheme Damaged status Not for loan Permanent Location Current Location Shelving location Date acquired Source of acquisition Total Checkouts Total Renewals Full call number Barcode Date last seen Date checked out Copy number Price effective from Koha item type
          BHPI CRP LIbrary BHPI CRP LIbrary PT 2013-09-15 Purchase 8 8 WL 100 C339 3010001146 2026-01-18 2025-12-21 1 2013-09-15 Books


Last Updated April 2017
Copyright © CRP Library
Centre for the Rehabilitation of the Paralysed (CRP)